| 000 | 01548cam a2200421 a 4500 | ||
|---|---|---|---|
| 001 | 15327493 | ||
| 003 | OSt | ||
| 005 | 20210419051730.0 | ||
| 008 | 080612s2008 nyu b 001 0 eng | ||
| 010 | _a 2008026055 | ||
| 015 |
_aGBA804350 _2bnb |
||
| 016 | 7 |
_a014487572 _2Uk |
|
| 020 | _a9780374254100 (alk. paper) | ||
| 020 | _a0374254109 (alk. paper) | ||
| 020 | _a9780719564543 (hbk.) | ||
| 020 | _a0719564549 (hbk.) | ||
| 035 |
_a(OCoLC)231881869 _z(OCoLC)213300727 |
||
| 035 | _a(OCoLC)ocn231881869 | ||
| 040 |
_aDLC _cDLC _dBTCTA _dBAKER _dYDXCP _dUKM _dOCLCG _dC#P _dBWX _dBWK _dWIQ _dVP@ _dSHH _dDLC |
||
| 050 | 0 | 0 |
_aPE1580 _b.H45 2008 |
| 080 |
_a811 _bH-70 |
||
| 082 | 0 | 0 |
_a422 _222 |
| 100 | 1 |
_aHitchings, Henry, _d1974- |
|
| 245 | 1 | 4 |
_aThe secret life of words : _bhow English became English / _cHenry Hitchings. |
| 250 | _a1st American ed. | ||
| 260 |
_aNew York : _bFarrar, Straus and Giroux, _c2008. |
||
| 300 |
_a440 p. ; _c24 cm. |
||
| 504 | _aIncludes bibliographical references (p. 347-404) and indexes. | ||
| 650 | 0 |
_aEnglish language _xLexicography _xHistory. |
|
| 650 | 0 |
_aEnglish language _xEtymology. |
|
| 653 | _aინგლისური ენა | ||
| 653 | _aეტიმოლოგია | ||
| 653 | _aისტორია | ||
| 856 | 4 | 1 |
_3Table of contents only _uhttp://www.loc.gov/catdir/toc/ecip0821/2008026055.html |
| 906 |
_a7 _bcbc _corignew _d1 _eecip _f20 _gy-gencatlg |
||
| 942 |
_2udc _cBK _e1 |
||
| 999 |
_c218 _d218 |
||